[Event "Titled Tuesday intern op 13th Feb Late"]
[Site "Chess.com INT"]
[Date "2024.02.13"]
[Round "4"]
[White "Cabralis, Quinn"]
[Black "Gokhale, Rishabh Chandrashek"]
[Result "0-1"]
[WhiteElo "2149"]
[BlackElo "2078"]
[PlyCount "62"]
[EventDate "2024.02.13"]
[EventType "swiss (blitz)"]
[EventRounds "11"]
[EventCountry "USA"]
[SourceTitle "CB08_2024"]
[SourceDate "2024.02.21"]
[SourceVersion "1"]
[SourceVersionDate "2024.02.21"]
[SourceQuality "1"]

1. e4 e5 2. Nf3 Nc6 3. Bb5 f5 4. d3 fxe4 5. dxe4 Nf6 6. Nc3 d6 7. h3 Be7 8. 0-0 0-0 9. Ng5 Qe8 10. Nd5 Bd8 11. a4 h6 12. Bc4 Kh8 13. Nxf6 Bxf6 14. Nf3 Qg6 15. Kh2 Ne7 16. Re1 Qh5 17. Ra3 Ng6 18. Ng1 Qxd1 19. Rxd1 Bh4 20. f3 a5 21. Ne2 Bf2 22. g3 Bc5 23. Rb3 Rb8 24. Kg2 Bd7 25. Bb5 c6 26. Bc4 b5 27. axb5 a4 28. Rbd3 cxb5 29. Bd5 b4 30. Be3 Bb5 31. R3d2 Bxe3 0-1

[Event "De Verteuil Memorial 21st"]
[Site "Port of Spain"]
[Date "2013.11.07"]
[Round "4"]
[White "Soondarsingh, Dev"]
[Black "Cabralis, Quinn"]
[Result "1-0"]
[WhiteElo "1979"]
[BlackElo "2085"]
[PlyCount "73"]
[EventDate "2013.10.17"]
[EventType "swiss"]
[EventRounds "7"]
[EventCountry "TRI"]
[SourceTitle "CBM 157 Extra"]
[Source "ChessBase"]
[SourceDate "2013.12.19"]
[SourceVersion "1"]
[SourceVersionDate "2013.12.19"]
[SourceQuality "1"]

1. Nf3 c5 2. g3 d5 3. Bg2 Nc6 4. d4 cxd4 5. Nxd4 e5 6. Nxc6 bxc6 7. c4 Bb4+ 8. Bd2 Bxd2+ 9. Qxd2 Ne7 10. Nc3 d4 11. Rd1 Qc7 12. Na4 0-0 13. 0-0 Rb8 14. Nc5 Qb6 15. Nd3 Ng6 16. c5 Qb5 17. h4 Re8 18. h5 Nf8 19. h6 g6 20. Qg5 Nd7 21. Bh3 f6 22. Qh4 Kf7 23. f4 f5 24. fxe5 Nxe5 25. Qxd4 Nxd3 26. Qg7+ Ke6 27. exd3 Qxc5+ 28. d4 Qf8 29. Rfe1+ Kd6 30. Qxa7 Bd7 31. Qc5+ Kc7 32. Qa5+ Kb7 33. Bg2 Qd6 34. Rd3 Be6 35. Rc1 Ra8 36. Qb5+ Ka7 37. Rxc6 1-0

[Event "Caribbean zt 2.3"]
[Site "Santiago de los Caballeros"]
[Date "2011.03.26"]
[Round "12"]
[White "Dominguez Perez, Leinier"]
[Black "Cabralis, Quinn"]
[Result "1-0"]
[WhiteElo "2716"]
[BlackElo "2203"]
[PlyCount "87"]
[EventDate "2011.03.18"]
[EventType "tourn"]
[EventRounds "13"]
[EventCountry "DOM"]
[EventCategory "7"]
[SourceTitle "CBM 141 Extra"]
[Source "ChessBase"]
[SourceDate "2011.05.03"]
[SourceVersion "1"]
[SourceVersionDate "2011.05.03"]
[SourceQuality "1"]

1. d4 d5 2. c4 c6 3. Nf3 Nf6 4. e3 g6 5. Nc3 Bg7 6. Be2 0-0 7. 0-0 a6 8. a4 a5 9. Qb3 e6 10. Rd1 Na6 11. Bd2 Ne4 12. Be1 Nd6 13. Rac1 Re8 14. Na2 dxc4 15. Bxc4 Nxc4 16. Qxc4 Bd7 17. Ne5 Nc7 18. Qb3 b5 19. Nxc6 Bxc6 20. Rxc6 b4 21. Nc1 Qd7 22. Qc4 Rec8 23. Nb3 Nd5 24. Nxa5 Nb6 25. Rxc8+ Rxc8 26. Qxb4 Qxa4 27. Qxa4 Nxa4 28. b4 Bf8 29. b5 Rb8 30. Rb1 Nb6 31. Nc6 Rb7 32. Kf1 Bd6 33. h3 Bc7 34. Ra1 Nc4 35. Ra7 Rxa7 36. Nxa7 Kf8 37. Ke2 Ke8 38. Kd3 Nd6 39. Bb4 Nb7 40. Nc6 f6 41. e4 f5 42. e5 Kd7 43. Kc4 Bb6 44. f3 1-0

[Event "Caribbean zt 2.3"]
[Site "Santiago de los Caballeros"]
[Date "2011.03.22"]
[Round "6"]
[White "Lorenzana, Wilson Estuardo"]
[Black "Cabralis, Quinn"]
[Result "1-0"]
[WhiteElo "2227"]
[BlackElo "2203"]
[PlyCount "55"]
[EventDate "2011.03.18"]
[EventType "tourn"]
[EventRounds "13"]
[EventCountry "DOM"]
[EventCategory "7"]
[SourceTitle "CBM 141 Extra"]
[Source "ChessBase"]
[SourceDate "2011.05.03"]
[SourceVersion "1"]
[SourceVersionDate "2011.05.03"]
[SourceQuality "1"]

1. e4 c5 2. Nf3 Nc6 3. d4 cxd4 4. Nxd4 Nf6 5. Nc3 e6 6. Ndb5 Bb4 7. a3 Bxc3+ 8. Nxc3 d5 9. exd5 exd5 10. Bd3 0-0 11. 0-0 d4 12. Ne2 Re8 13. Bf4 Qb6 14. b4 Bg4 15. Re1 Nd5 16. Qd2 Bxe2 17. Bxe2 Nce7 18. Be5 Nf5 19. Bd3 f6 20. Bf4 Nfe7 21. Bc4 Kf8 22. Bg3 Rac8 23. Bb3 Nc3 24. Re6 Rc6 25. Rae1 Qd8 26. Qd3 g6 27. Qf3 Kg7 28. Qxf6+ 1-0

[Event "Caribbean zt 2.3"]
[Site "Santiago de los Caballeros"]
[Date "2011.03.18"]
[Round "1"]
[White "Leon Hoyos, Manuel"]
[Black "Cabralis, Quinn"]
[Result "1-0"]
[WhiteElo "2546"]
[BlackElo "2203"]
[PlyCount "67"]
[EventDate "2011.03.18"]
[EventType "tourn"]
[EventRounds "13"]
[EventCountry "DOM"]
[EventCategory "7"]
[SourceTitle "CBM 141 Extra"]
[Source "ChessBase"]
[SourceDate "2011.05.03"]
[SourceVersion "1"]
[SourceVersionDate "2011.05.03"]
[SourceQuality "1"]

1. c4 c6 2. Nf3 d5 3. g3 Bf5 4. Bg2 h6 5. cxd5 cxd5 6. Qb3 Qc7 7. Nc3 e6 8. d3 Nc6 9. Bf4 Qb6 10. Qxb6 axb6 11. 0-0 g5 12. Bd2 d4 13. Nb5 Rd8 14. Rfc1 Bg7 15. Be1 Nge7 16. Nc7+ Kd7 17. Nb5 Nd5 18. Nd2 Nc7 19. a4 Bg4 20. Nc4 Na8 21. Kf1 Ke7 22. a5 bxa5 23. Nxa5 Nxa5 24. Bxa5 Rd7 25. h3 Bh5 26. Rc4 Be5 27. Rac1 Kf6 28. Rc8 Rxc8 29. Rxc8 b6 30. Bb4 Nc7 31. Bc6 Nxb5 32. Bxd7 Nd6 33. Rc6 Ke7 34. Bc8 1-0

[Event "De Verteuil Memorial 18th"]
[Site "Port of Spain"]
[Date "2010.11.25"]
[Round "7"]
[White "Heerah, Rohan"]
[Black "Cabralis, Quinn"]
[Result "0-1"]
[WhiteElo "1976"]
[BlackElo "2169"]
[PlyCount "94"]
[EventDate "2010.10.14"]
[EventType "swiss"]
[EventRounds "7"]
[EventCountry "TRI"]
[SourceTitle "EXT 2013"]
[Source "ChessBase"]
[SourceDate "2012.11.22"]
[SourceVersion "1"]
[SourceVersionDate "2012.11.22"]
[SourceQuality "1"]

1. c4 c6 2. Nf3 Nf6 3. g3 d5 4. b3 g6 5. Bb2 Bg7 6. Bg2 0-0 7. 0-0 b6 8. d3 Bb7 9. Nbd2 c5 10. Qc2 d4 11. e3 Nc6 12. a3 dxe3 13. fxe3 Ng4 14. Bxg7 Kxg7 15. Qc3+ f6 16. Ng5 Qd7 17. Rae1 Nge5 18. d4 cxd4 19. exd4 fxg5 20. d5 Kh6 21. dxc6 Nxc6 22. Nf3 Rad8 23. Qe3 Qf5 24. Nh4 Qc5 25. Qxc5 Rxf1+ 26. Kxf1 bxc5 27. Nf3 Nd4 28. Rd1 Rf8 29. Rxd4 cxd4 30. Ke2 d3+ 31. Ke3 g4 32. Ne1 Bxg2 33. Nxg2 Rf3+ 34. Kd2 Rf2+ 35. Kxd3 Rxg2 36. c5 Rg1 37. Kd4 Kg7 38. b4 Kf6 39. Kd5 e5 40. b5 Rd1+ 41. Ke4 Ke6 42. a4 Rd4+ 43. Ke3 Rxa4 44. Kd3 Rb4 45. Kc3 Rxb5 46. Kc4 Rb1 47. c6 Kd6 0-1

[Event "De Verteuil Memorial 18th"]
[Site "Port of Spain"]
[Date "2010.10.28"]
[Round "3"]
[White "Cabralis, Quinn"]
[Black "Harper, Ryan"]
[Result "1-0"]
[WhiteElo "2169"]
[BlackElo "2233"]
[PlyCount "61"]
[EventDate "2010.10.14"]
[EventType "swiss"]
[EventRounds "7"]
[EventCountry "TRI"]
[SourceTitle "EXT 2013"]
[Source "ChessBase"]
[SourceDate "2012.11.22"]
[SourceVersion "1"]
[SourceVersionDate "2012.11.22"]
[SourceQuality "1"]

1. e4 c5 2. Nf3 d6 3. d4 cxd4 4. Nxd4 Nf6 5. Nc3 a6 6. f3 e6 7. Be3 Be7 8. Qd2 0-0 9. g4 Nfd7 10. 0-0-0 Nc6 11. f4 Nxd4 12. Bxd4 b5 13. h4 Bb7 14. Bg2 Rc8 15. g5 b4 16. Ne2 Qa5 17. Kb1 Nc5 18. Ng3 Na4 19. Qf2 Nc3+ 20. bxc3 bxc3 21. Ka1 Rc4 22. Ne2 Rfc8 23. Rh3 d5 24. Rxc3 Rxc3 25. Bxc3 Rxc3 26. Nxc3 Qxc3+ 27. Kb1 Qb4+ 28. Kc1 Qa3+ 29. Kd2 Bc5 30. Qf3 Qxa2 31. Qc3 1-0

[Event "Olympiad-39"]
[Site "Khanty-Mansiysk"]
[Date "2010.09.29"]
[Round "8.3"]
[White "Asabri, Hussien"]
[Black "Cabralis, Quinn"]
[Result "1-0"]
[WhiteElo "2180"]
[BlackElo "2169"]
[PlyCount "81"]
[EventDate "2010.09.21"]
[EventType "team-swiss"]
[EventRounds "11"]
[EventCountry "RUS"]
[SourceTitle "CBM 139"]
[Source "ChessBase"]
[SourceDate "2010.11.18"]
[SourceVersion "1"]
[SourceVersionDate "2010.11.18"]
[SourceQuality "1"]
[WhiteTeam "Libya"]
[BlackTeam "Trinidad and Tobago"]
[WhiteTeamCountry "LBY"]
[BlackTeamCountry "TRI"]

1. d4 d5 2. Nf3 Nf6 3. c4 c6 4. g3 g6 5. Bg2 Bg7 6. 0-0 dxc4 7. Na3 b5 8. b3 cxb3 9. axb3 0-0 10. Ne5 Nd5 11. Bb2 Bb7 12. Qc2 a6 13. Rfd1 Qd6 14. e4 Nb6 15. Nd3 N8d7 16. Rac1 Rac8 17. Qe2 Qb8 18. h4 e5 19. dxe5 Nxe5 20. Nc5 Rcd8 21. f4 Ned7 22. Bxg7 Kxg7 23. Qb2+ Kg8 24. Nxb7 Qxb7 25. h5 Nc8 26. h6 f6 27. Kh2 Qc7 28. e5 c5 29. e6 Ndb6 30. Rxd8 Qxd8 31. Rxc5 Qe7 32. Rc6 Rd8 33. Nc2 Rd6 34. Qc3 Qxe6 35. Rc7 Ne7 36. Nd4 Qf7 37. Qc5 Nbc8 38. Bb7 Rxd4 39. Qxd4 Qf8 40. Bxc8 Nxc8 41. Rg7+ 1-0

[Event "Olympiad-39"]
[Site "Khanty-Mansiysk"]
[Date "2010.09.27"]
[Round "6.2"]
[White "Cabralis, Quinn"]
[Black "Kobese, Watu"]
[Result "0-1"]
[WhiteElo "2169"]
[BlackElo "2370"]
[PlyCount "88"]
[EventDate "2010.09.21"]
[EventType "team-swiss"]
[EventRounds "11"]
[EventCountry "RUS"]
[SourceTitle "CBM 139"]
[Source "ChessBase"]
[SourceDate "2010.11.18"]
[SourceVersion "1"]
[SourceVersionDate "2010.11.18"]
[SourceQuality "1"]
[WhiteTeam "Trinidad and Tobago"]
[BlackTeam "South Africa"]
[WhiteTeamCountry "TRI"]
[BlackTeamCountry "RSA"]

1. e4 e5 2. Nf3 Nc6 3. Bc4 Nf6 4. d3 Be7 5. 0-0 0-0 6. Re1 d6 7. c3 Na5 8. Nbd2 Nxc4 9. Nxc4 c6 10. d4 exd4 11. Nxd4 d5 12. exd5 Nxd5 13. Ne3 Nxe3 14. Bxe3 c5 15. Ne2 Bg4 16. Qb3 Qc8 17. c4 Qc6 18. f3 Bf5 19. Nf4 Rfd8 20. Nd5 Bf8 21. Rad1 Rd7 22. Qc3 f6 23. Bf4 Rad8 24. Rd2 Be6 25. Nc7 Bf7 26. Rxd7 Rxd7 27. Nb5 a6 28. Na3 b5 29. Qc1 Rd3 30. b3 Qd7 31. cxb5 axb5 32. Nc2 Qf5 33. Bd2 Qd5 34. Bf4 c4 35. bxc4 Qxc4 36. Re4 Qd5 37. Ne3 Qxa2 38. h4 Bg6 39. Qc6 Bxe4 40. fxe4 Qa7 41. Kf2 Qd7 42. Qb6 Rc3 43. Qb8 b4 44. Nd5 Rc8 0-1

[Event "Caribbean sub zt 2.3.5"]
[Site "Nassau"]
[Date "2010.06.30"]
[Round "7"]
[White "Pitterson, Jomo"]
[Black "Cabralis, Quinn"]
[Result "1-0"]
[WhiteElo "2241"]
[BlackElo "2116"]
[PlyCount "63"]
[EventDate "2010.06.26"]
[EventType "swiss"]
[EventRounds "9"]
[EventCountry "BAH"]
[SourceTitle "EXT 2019"]
[Source "ChessBase"]
[SourceDate "2018.10.10"]
[SourceVersion "1"]
[SourceVersionDate "2018.10.10"]
[SourceQuality "1"]

1. d4 d5 2. c4 c6 3. Nf3 Nf6 4. Qb3 Qb6 5. Nc3 e6 6. g3 Qxb3 7. axb3 Bd6 8. Bg2 Ne4 9. 0-0 Nd7 10. Nxe4 dxe4 11. Ng5 f5 12. Nxe6 Kf7 13. Ng5+ Kf6 14. f3 exf3 15. Rxf3 Be7 16. e4 g6 17. Bd2 Nf8 18. h4 h6 19. Bc3 hxg5 20. d5+ Kf7 21. Bxh8 Bc5+ 22. Kh1 Kg8 23. Bc3 fxe4 24. Rff1 cxd5 25. cxd5 gxh4 26. Bxe4 hxg3 27. Kg2 Bg4 28. Rf4 Bh5 29. d6 Re8 30. Re1 g5 31. Bd5+ Ne6 32. Rxe6 1-0